Datum a čas kvízu
33
Celkem bodů
Celkový počet nahraných bodů na tomto kvízu bez doplňovacích otázek.
1.
Pořadí na kvízu
Konečné umístění týmu na tomto kvízu.
Zaznamenané odpovědi
| # | Otázka | Odpověď | Body | Výsledky |
|---|---|---|---|---|
| 1. | Mezi tradičními novoročními zp... | Břeclav | 0 | |
| 2. | Slovenská prezidentka Zuzana Č... | Milada Horáková | 0 | |
| 3. | Oblíbená hollywoodská hvězda o... | Cameron Diaz | 0 | |
| 4. | Bývalý šéf jisté japonské auto... | Nissan | 0 | |
| 5. | Minulý týden se ve Švýcarsku k... | Spenglerův pohár, Davos | 0 | |
| 6. | 1. ledna došlo ke zvýšení rodi... | 300 000 Kč | 1 | |
| 7. | Na úterý 3. listopadu jsou nap... | New Hampshire | 1 | |
| 8. | Nový čínský rok začíná 25. led... | kryse | 0 | |
| 9. | Nejbezpečnějšími aerolinkami p... | Qantas | 1 | |
| 10. | Mezi 12. červnem a 12. červenc... | Anglie, Chorvatsko | 0 |